header

The mammals of Cheshire (Record no. 110728)

MARC details
000 -LEADER
fixed length control field 01232nam a2200301Ia 4500
245 04 - TITLE STATEMENT
Title The mammals of Cheshire
260 ## - PUBLICATION, DISTRIBUTION, ETC. (IMPRINT)
Place of publication Liverpool :
Name of publisher Liverpool University Press,
Year of publication 2008.
300 ## - PHYSICAL DESCRIPTION
Number of Pages 178 p. :
Other physical details ill. (some col.), maps.
500 ## - GENERAL NOTE
General note At foot of title: Cheshire Mammal Group; Zoological Gardens Chester.
650 #0 - SUBJECT ADDED ENTRY--TOPICAL TERM
Topical Term Mammals
Topical Term Vertebrates
856 40 - ELECTRONIC LOCATION AND ACCESS
Uniform Resource Identifier http://site.ebrary.com/lib/rucke/Doc?id=10369395

No items available.

© 2026 Rongo University
Contact us: librarian | system librarian | Rongo university